=LDR 00000nam 2200000 4500 =001 INLIS000000000037866 =005 20201016085414 =035 ##$$a 0010-061300000037866 =008 201016################g##########0#ind## =041 ##$$a Ind =082 ##$$a 322.44 =090 ##$$a 322.44 , Mah m =245 ##$$a Mahasiswa: Pelopor dan Penggerak People Power : $b Kumpulan tulisan terpilih dari kampus perjuangan rakyat /$c Faisal H.Basri... [et al} =260 ##$$a Jakarta :$b Gremedia Widiasarana Indonesia,$c 1999. =300 ##$$a 60 hlm , ; $c 24 x 18 cm. =650 #4$$a Mahasiswa-pelopor =850 ##$$a NBPNMAT =084 ##$$a 322.44 MAH m =250 ##$$a Cet. 1 =990 ##$$a 01201712958 =990 ##$$a 13.055